| 000 | 00957nam a22002652a 4500 | ||
|---|---|---|---|
| 001 | 32764 | ||
| 003 | BD-RjUL | ||
| 005 | 20211209051906.0 | ||
| 008 | 140428s19601958ii 000 0 eng d | ||
| 035 |
_aOCLC ocm01315658 from D951111M _a(BD-RjUL)32854 |
||
| 040 |
_aDLC _cORL _dOCL _dUKM _dBD-RjUL _beng |
||
| 041 | _aeng | ||
| 082 |
_a297.12 _bHUQ 1960 |
||
| 100 | 1 |
_aḤusain, Ashfāq _999629 |
|
| 245 | 1 | 4 |
_aThe quintessence of Islam : _ba summary of the commentary of Maulana Abul Kalam Azad on al-Fateha, the first chapter of the Quran / |
| 250 | _a[2d ed.] | ||
| 260 |
_aBombay ; _aNew York : _bAsia Pub. House, _c1960. |
||
| 300 |
_a[6] 92 p. ; _c20 cm |
||
| 500 | _aFirst ed. published in 1958 under title: The spirit of Isiam | ||
| 650 |
_aQurʼan _vCommentaries _xSūrat al-Fātiḥah _999630 |
||
| 700 | 1 |
_aĀzād, Abūlkalām, _d1888-1958. _tTarjumanui-Quran. _999631 |
|
| 942 |
_2ddc _cBK |
||
| 999 |
_c32764 _d32764 |
||